| 000 | 02170nam a22003617a 4500 | ||
|---|---|---|---|
| 001 | 42835 | ||
| 003 | gtgccic | ||
| 005 | 20251104160304.0 | ||
| 007 | ta | ||
| 008 | 251104b gt ||||| |||| 00| 0 spa d | ||
| 040 |
_agtgccic _bspa _cgtgccic _erda |
||
| 084 | _0TPI-16-0096 | ||
| 100 | 1 | 0 |
_aGilmar Estuardo Morales Ruiz _dIngeniero en Informática _eautor |
| 245 | 1 | 0 |
_aPropuesta para un tren de aseo para desechos sólidos en el casco urbano del municipio de Patzicia, _bdepartamento de Chimaltenango / _cMorales Ruiz, Gilmar Estuardo |
| 264 | 1 |
_aGuatemala, Guatemala : _bUSAC, Facultad de Ingeniería ; _c2016.- |
|
| 300 |
_axxviii, 136 p, : _bil. ; _c27 cm |
||
| 336 |
_2rdacontenido _aTexto _btxt |
||
| 337 |
_2rdamedio _asin mediación _bn |
||
| 338 |
_2rdasoporte _avolumen _bnc |
||
| 502 |
_aTsesis Postgrado _bMAESTRO EN INGENIERÍA PARA EL DESARROLLO MUNICIPAL _cUSAC, Facultad de Ingeniería, Escuela de Postgrado _d2016 _oTPI-16-0096 |
||
| 504 | _aBibliografía pag. 123 | ||
| 505 | _t1. ASPECTOS TEÓRICOS EN EL DESARROLLO MUNICIPAL DE PATZICIA | ||
| 505 | _t2. DESECHOS SÓLIDOS MUNICIPALES | ||
| 505 | _t3. CARACTERIZACIÓN Y PROBLEMÁTICIA DE LOS DESECHOS SÓLIDOS MUNICIPALES EN PATZICIA | ||
| 505 | _t4. PROPUESTA DEL TREN DE ASEO | ||
| 520 | 3 | _aEn la investigación se estudia la acumulación de desechos sólidos en las calles y avenidas en el casco ubano del municipio de Patzicia, departamento de Chimaltenango, los cuales obstruyen los principales tragantes en las 4 zonas, ocasionanado que se tapen y el agua no fluya normalmemte, esto a consecuensia de que no existe un tren de aseo municipal. En promedio, se generan 12 toneladas diarias de desechos sólidos, por zona, las cuales están siendo manipuladas inadecuadamente, lo que puede causar el aumento de enfermedades producidad por estos además de daños al medio ambiente, la implementación de un tren de aseo mitiga en gran medida el problema de los desechos sólidos municipales. | |
| 650 | _aTRENES | ||
| 650 | _aDESECHOS | ||
| 650 | _aELIMINACIÓN DE DESECHOS | ||
| 700 |
_aMSc Lic. Luis Rafael Valladares Vielman _easesor |
||
| 942 |
_2ddc _cTPS |
||
| 945 | _aamlo | ||
| 999 |
_c2479 _d2479 |
||